000 00561nam a2200205Ia 4500
005 20250326143105.0
008 250326s9999 xx 000 0 und d
020 _a0-205-08622-5
037 _aTextbook
040 _aFMSL
_beng
_cFMSL
041 _aeng
_2eng
084 _aX:8D.1 M6
_qFMSL
100 _aShapiro A C
_9738109
245 0 _aMultinational ficial management
_cShapiro A C
250 _aEd 2
260 _aUSA Boston
_bUSA Boston, Allyn and Bacon
_c1986
300 _a687p
942 _cTB
_hX:8D.1 M6
999 _c1298056
_d1298056